MDQL
is popping MORE tags! Check the
thread
!
Quizzes
Events
Quiz Creation
Community
Videos
Private Events
Remove Ads
Sign In
Join for FREE
Feedback
Dark Mode
Quiz Categories
Sports
Geography
Music
Movies
Television
Just For Fun
Miscellaneous
History
Literature
Language
Science
Gaming
Entertainment
Religion
Holiday
For Kids
Quiz Lab
Recent
Popular Today
Quiz Kudos Today
Editor Picks
Curator Picks
Quizzes by...
Day
Popularity
Type
Ratings
Length
Year
Community
Subscriptions
Recent Discussions
Orange Saloon
Badges
Playlists
Quests
Create
Leaderboards
Showdown
Live 5
Trivia Bingo
Activity
Puzzle Library
Sporcle Events
Private Events
Virtual Trivia
Globe League
Become a Host
Pub Owners
SporcleCon
Opinionation
Our Games
Videos
Blog
Mobile Apps
Partnerships
Remove Ads and Go Orange
Feedback
Gaming
Video Games
Board Games
Card Games
Pokémon
Mario
Nintendo
Minecraft
Console
Toys
Legend of Zelda
Gaming
Video Games
Board Games
Card Games
Pokémon
Mario
Nintendo
Minecraft
Console
Toys
Legend of Zelda
Random Quiz
Search Sporcle
×
Quiz Lab
Quiz Lab
Gaming
Video Games
Type in answers that appear in a list
Type in answers that appear in a list
Classic
Best Score? Go Orange.
Name the roster of all CS:GO Major winning teams? Stats
Can you name all of the players to win the majors?
By
kacpertatys2012
10m
75 Questions
1,151 Plays
1,151 Plays
1,151 Plays
Comments
Comments
Give Quiz Kudos
Give Quiz Kudos
-
- Ratings
hide this ad
Replay
Link that replays current quiz
Next Quiz
Link to next quiz in quiz playlist
You Got
0%
They Got
Avg Score
74%
Avg Friend Score
Upgrade to see
Score Distribution
Jump to the score distribution portion of the page
Score
0/75
Timer
10:00
0
Plays Today
Nation
Player
% Correct
FACEIT Major 2018 -
Astralis
device
97%
IEM Katowice 2019 -
Astralis
device
97%
StarLadder Major Berlin 2019 -
Astralis
device
97%
FACEIT Major 2018 -
Astralis
Magisk
95.3%
IEM Katowice 2019 -
Astralis
Magisk
95.3%
StarLadder Major Berlin 2019 -
Astralis
Magisk
95.3%
FACEIT Major 2018 -
Astralis
dupreeh
95%
IEM Katowice 2019 -
Astralis
dupreeh
95%
StarLadder Major Berlin 2019 -
Astralis
dupreeh
95%
FACEIT Major 2018 -
Astralis
gla1ve
94.8%
IEM Katowice 2019 -
Astralis
gla1ve
94.8%
StarLadder Major Berlin 2019 -
Astralis
gla1ve
94.8%
Dreamhack Winter 2013 -
Fnatic
jw
94.8%
ESL Katowice 2015 -
Fnatic
jw
94.8%
ESL Cologne 2015 -
Fnatic
jw
94.8%
FACEIT Major 2018 -
Astralis
Xyp9x
94.6%
IEM Katowice 2019 -
Astralis
Xyp9x
94.6%
StarLadder Major Berlin 2019 -
Astralis
Xyp9x
94.6%
Dreamhack Cluj-
Napoca 2015 -
EnVyUs
kennyS
94.2%
ELEAGUE Major 2017 -
Astralis
device
94.2%
MLG Colombus 2016 -
Luminosity
FalleN
93.9%
ESL Cologne 2016 -
SK
FalleN
93.9%
MLG Colombus 2016 -
Luminosity
coldzera
93.8%
ESL Cologne 2016 -
SK
coldzera
93.8%
ESL Katowice 2014 -
Virtus.pro
pasha
93.2%
ESL Katowice 2015 -
Fnatic
olofmeister
92.8%
ESL Cologne 2015 -
Fnatic
olofmeister
92.8%
ELEAGUE Major 2018 -
Cloud9
Stewie2K
92.7%
Dreamhack Winter 2013 -
Fnatic
flusha
92.7%
ESL Katowice 2015 -
Fnatic
flusha
92.7%
ESL Cologne 2015 -
Fnatic
flusha
92.7%
ELEAGUE Major 2017 -
Astralis
dupreeh
92%
MLG Colombus 2016 -
Luminosity
TACO
91.8%
ESL Cologne 2016 -
SK
TACO
91.8%
MLG Colombus 2016 -
Luminosity
fer
90.7%
ESL Cologne 2016 -
SK
fer
90.7%
ESL Cologne 2014 -
Ninjas in Pyjamas
f0rest
90.3%
ESL Katowice 2015 -
Fnatic
KRiMZ
90%
Nation
Player
% Correct
ESL Cologne 2015 -
Fnatic
KRiMZ
90%
ELEAGUE Major 2018 -
Cloud9
tarik
89.8%
ELEAGUE Major 2017 -
Astralis
Xyp9x
89.4%
ELEAGUE Major 2018 -
Cloud9
Skadoodle
89.2%
ESL Cologne 2014 -
Ninjas in Pyjamas
GeT_RiGhT
89.1%
ESL Katowice 2014 -
Virtus.pro
Snax
88.7%
ELEAGUE Major 2017 -
Astralis
gla1ve
87.7%
PGL Major Krakow 2017 -
Gambit
Dosia
86.6%
ESL Katowice 2014 -
Virtus.pro
NEO
86.2%
ELEAGUE Major 2018 -
Cloud9
autimatic
86%
Dreamhack Winter 2014 -
LDLC
shox
85.6%
ELEAGUE Major 2018 -
Cloud9
RUSH
85.4%
Dreamhack Winter 2014 -
LDLC
NBK
84.8%
Dreamhack Cluj-
Napoca 2015 -
EnVyUs
NBK
84.8%
ESL Katowice 2014 -
Virtus.pro
TaZ
84.7%
PGL Major Krakow 2017 -
Gambit
HObbit
84.1%
Dreamhack Winter 2014 -
LDLC
Happy
83.6%
Dreamhack Cluj-
Napoca 2015 -
EnVyUs
Happy
83.6%
PGL Major Krakow 2017 -
Gambit
Zeus
83%
ELEAGUE Major 2017 -
Astralis
Kjaerbye
82.7%
Dreamhack Cluj-
Napoca 2015 -
EnVyUs
apEX
82.2%
ESL Katowice 2014 -
Virtus.pro
byali
82%
PGL Major Krakow 2017 -
Gambit
AdreN
81.5%
MLG Colombus 2016 -
Luminosity
fnx
80.8%
ESL Cologne 2016 -
SK
fnx
80.8%
ESL Cologne 2014 -
Ninjas in Pyjamas
friberg
79.8%
Dreamhack Winter 2013 -
Fnatic
pronax
79.7%
ESL Katowice 2015 -
Fnatic
pronax
79.7%
ESL Cologne 2015 -
Fnatic
pronax
79.7%
ESL Cologne 2014 -
Ninjas in Pyjamas
Xizt
77.2%
PGL Major Krakow 2017 -
Gambit
mou
74.8%
Dreamhack Winter 2014 -
LDLC
kioshima
72.3%
Dreamhack Cluj-
Napoca 2015 -
EnVyUs
kioshima
72.3%
ESL Cologne 2014 -
Ninjas in Pyjamas
Fifflaren
66.9%
Dreamhack Winter 2014 -
LDLC
SmithZz
62.9%
Dreamhack Winter 2013 -
Fnatic
Devilwalk
61.5%
Dreamhack Winter 2013 -
Fnatic
schneider
56.7%
Quiz Playlist
Details
Report
Send in Message
Add To Playlist
Classic:
Type in answers that appear in a list
Last Updated: Sep 14, 2020
Quiz Scoreboard
CHALLENGE
Sign Up to Join the Scoreboard
Show All
Scores
Hide
Comments
May contain spoilers
Recently Published
Colored Red Africa Blitz
by spor1
Geography
30s
Find the 'City' Movie
by crazypaving
Movies
60s
5x2 Blitz: Bands
by SL_Kpop136
Music
30s
More to Explore
Quiz From the Vault
Featured Blog Post
14 Easter Pick-up Lines to Find Eggs With
hide this ad
You Might Also Like...
Tags
Video Games Quiz
csgo
major
Player
Roster
team
Win
Winning
Today's Top Quizzes in Gaming
Browse Gaming
hide this ad
Today's Top Quizzes in Video Games
Browse Video Games
Top Contributed Quizzes in Gaming
1
Destiny 2 exotic weapons by perk icons
2
Legendary or Exotic?
3
Dead By Daylight Logic Puzzle
4
Genshin murder mystery
5
League of Legends Pro Players by Career/Team History
6
Overwatch Logic Puzzle
7
Stardew Mayhem 2: Electric Boogaloo
8
Windmill: Elements
9
Arcade Game Bunker
10
Valorant Utility Use (Up to Clove)
Explore More
Trending Topics
Marvel
Disney
Harry Potter
NBA
Anime
Crossword
Kpop
Song
Puzzle
The Office
Pokémon
Country
WWE
Soccer
NFL
hide this ad
More By:
kacpertatys2012
Quiz
Plays
Rating
Category
Featured
Created
Name the roster of all CS:GO Major winning teams?
1,151
5.00
Gaming
Jul 8, 2017
Best teams in cs for each week according to hltv.org
821
Gaming
Jun 16, 2017
CS:GO Players that made it to the Majors 3 times
266
5.00
Gaming
Jul 7, 2017
Go to Creator's Profile
Score Distribution
Quiz Creator Spotlight
kacpertatys2012
Follow
Send a Message
Quizzes Created
-
Created Quiz Play Count
-
More By This Creator
Popular Quizzes Today
1
5x2 Blitz: Bands
2
Find the 'City' Movie
3
Colored Red Africa Blitz
4
Find the US States - No Outlines Minefield
5
The Countries of the World
6
Find the US States
7
9x9 Crossword: Cartoon Network
8
US States
More Gaming Quizzes
Marvel vs Capcom: Clash of Super Heroes Characters
Quiz Lab
Trending Quizzes
Colored Red Africa Blitz II
Colored Red Europe Blitz I
Christmas Pick: Judaism
Colored Red Africa Blitz III
Colored Red Europe Blitz II
Recently Updated
Champions League XIs: Real Madrid
pecheneg
Largest US Cities 1790-2010
pecheneg
Rides in Walt Disney World
pecheneg
Most Oscar Losses (Acting)
pecheneg
Beyoncé Albums
pecheneg
Leaping Animals
pecheneg
Reality TV Shows (A-Z)
bhenderson79
Rickey Henderson's Hall of Fame Teammates
pecheneg
Champions League XIs: Arsenal
pecheneg
Quick Pick: Celebrities in WWE's Hall of Fame
aduchscher
Trending Topics
NBA
Marvel
Anime
Disney
Crossword
Harry Potter
Kpop
WWE
Country
Song
NFL
Soccer
Puzzle
The Office
Pokémon
Your Account Isn't Verified!
In order to create a playlist on Sporcle, you need to verify the email address you used during registration. Go to your
Sporcle Settings
to finish the process.
Report this User
Report this user for behavior that violates our
Community Guidelines
.
Details:
Send Report
Go to the Sporcle.com Mobile Site →
Comments